Asymptotic analysis of differential equations / (Record no. 30162)

000 -LEADER
fixed length control field 00536 a2200157 4500
020 ## - INTERNATIONAL STANDARD BOOK NUMBER
International Standard Book Number 1860945872
020 ## - INTERNATIONAL STANDARD BOOK NUMBER
International Standard Book Number 9781860945878
082 ## - DEWEY DECIMAL CLASSIFICATION NUMBER
Classification number 515.35
090 ## - LOCALLY ASSIGNED LC-TYPE CALL NUMBER (OCLC); LOCAL CALL NUMBER (RLIN)
-- 1551
-- 1551
100 1# - MAIN ENTRY--PERSONAL NAME
Personal name White, Roscoe B.
245 10 - TITLE STATEMENT
Title Asymptotic analysis of differential equations /
Statement of responsibility, etc. Roscoe B. White.
260 ## - PUBLICATION, DISTRIBUTION, ETC.
Place of publication, distribution, etc. [S.l.] :
Name of publisher, distributor, etc. Imperial College Press,
Date of publication, distribution, etc. 2006.
300 ## - PHYSICAL DESCRIPTION
Extent 286 p. ;
Dimensions 23 cm.
942 ## - ADDED ENTRY ELEMENTS (KOHA)
Institution code [OBSOLETE] SNS
Koha item type Book
Call number prefix 515.35 WHI
Holdings
Withdrawn status Lost status Damaged status Not for loan Permanent Location Current Location Date acquired Total Checkouts Full call number Barcode Date last seen Price effective from Koha item type
        School of Natural Sciences (SNS) School of Natural Sciences (SNS) 05/26/2016   515.35 WHI SNS0000696 05/26/2016 05/26/2016 Book
© 2023 Central Library, National University of Sciences and Technology. All Rights Reserved.